Strednodobá koncepcia hospodárskeho a sociálneho rozvoja SR (strednodobé priority hospodárskej politiky Slovenska) III
Tretia časť plného znenia prerokovaného návrhu zásadného vládneho dokumentu určujúceho hospodársku politiku Slovenska na ďalšie roky. Posledná časť dokumentu sa venuje reformám vo finančnom, podnikovom a verejnom sektore.
Enregistré dans:
| Format: | Chapitre de livre |
|---|---|
| Langue: | slovaque |
| Sujets: | |
| Tags: |
Pas de tags, Soyez le premier à ajouter un tag!
|
MARC
| LEADER | 00000naa a2200000 4500 | ||
|---|---|---|---|
| 001 | r035673 | ||
| 005 | 20230824101838.0 | ||
| 041 | 0 | |a slo | |
| 044 | |a SK | ||
| 245 | 1 | 0 | |a Strednodobá koncepcia hospodárskeho a sociálneho rozvoja SR (strednodobé priority hospodárskej politiky Slovenska) III |
| 520 | |a Tretia časť plného znenia prerokovaného návrhu zásadného vládneho dokumentu určujúceho hospodársku politiku Slovenska na ďalšie roky. Posledná časť dokumentu sa venuje reformám vo finančnom, podnikovom a verejnom sektore. | ||
| 610 | 2 | 0 | |a politika hospodárska |
| 610 | 2 | 0 | |a Slovensko |
| 610 | 2 | 0 | |a rozvoj hospodársky |
| 610 | 2 | 0 | |a rozvoj sociálny |
| 610 | 2 | 0 | |a koncepcie |
| 610 | 2 | 0 | |a dokumenty vládne |
| 610 | 2 | 0 | |a hospodárstvo národné |
| 610 | 2 | 0 | |a reformy |